| 000 | 00474nam a22001697a 4500 | ||
|---|---|---|---|
| 003 | OSt | ||
| 005 | 20211022152922.0 | ||
| 008 | 211022b |||||||| |||| 00| 0 eng d | ||
| 020 | _a0-89054-053-5 | ||
| 040 | _cHawassa university | ||
| 050 | _a632.96/COO | ||
| 082 | _a632.96/COO | ||
| 100 |
_aCook r. james _915121 |
||
| 245 | _aThe nature and practice of biological control of plant pathogens | ||
| 260 |
_aSt. paul. minnesota _bAps press _c1983 |
||
| 942 |
_2ddc _cBOOKS _n0 |
||
| 999 |
_c14458 _d14458 |
||